LEADER 02150nam 2200373 450 001 9910688182403321 005 20230704134155.0 035 $a(CKB)5850000000050204 035 $a(NjHacI)995850000000050204 035 $a(EXLCZ)995850000000050204 100 $a20230704d2022 uy 0 101 0 $aeng 135 $aur||||||||||| 181 $ctxt$2rdacontent 182 $cc$2rdamedia 183 $acr$2rdacarrier 200 00$aAntiphospholipid syndrome $erecent advances in clinical and basic aspects /$fedited by Polona Z?igon 210 1$aLondon, England :$cIntechOpen,$d2022. 215 $a1 online resource (142 pages) 311 $a1-83969-055-0 330 $aAntiphospholipid syndrome (APS) is an acquired autoimmune disorder in which the immune system mistakenly produces antiphospholipid antibodies that attack tissues in the body. These antibodies can lead to the formation of blood clots in arteries and veins. During pregnancy, APS can also lead to miscarriage and stillbirth. Classification criteria require a clinical event (i.e., thrombosis or pregnancy complication) and persistent positive blood test results at least three months apart that detect lupus anticoagulant, anti-cardiolipin antibodies, or anti-?2-glycoprotein-1 antibodies. This book addresses important clinical aspects of APS, including stroke and APS, obstetric manifestations of APS, and bleeding complications in APS. It also discusses the diagnostic utility of a novel autoantibody against ?2-glycoprotein I/HLA class II complexes as a promising biomarker for APS. Finally, this book also reviews the latest findings in the field of extracellular vesicles in APS and provides explanations of their role in the pathogenesis of APS. 517 $aAntiphospholipid Syndrome 606 $aAutoimmune diseases 606 $aAntiphospholipid syndrome 615 0$aAutoimmune diseases. 615 0$aAntiphospholipid syndrome. 676 $a616.07/9 702 $aZ?igon$b Polona 801 0$bNjHacI 801 1$bNjHacl 906 $aBOOK 912 $a9910688182403321 996 $aAntiphospholipid Syndrome$91551273 997 $aUNINA LEADER 01485nas 2200385 n 450 001 990009012430403321 005 20240229084234.0 011 $a1474-175X 035 $a000901243 035 $aFED01000901243 035 $a(Aleph)000901243FED01 035 $a000901243 091 $2CNR$aPT02296582 100 $a20161109a20019999km-y0itaa50------ba 101 0 $aeng 102 $aGB 110 $aauu-------- 200 1 $aNature reviews. Cancer$e(Print) 207 1$a2001- 210 $aLondon (Macmillan Building, 4-6 Crinan St., London N1 9XW)$cNature Publishing Group 326 $aMensile 452 0$12001$aNature reviews. Cancer 530 1 $aNature reviews 531 $aNAT. REV., CANCER$bPRINT 676 $a616.994005 801 0$aIT$bACNP$c20090723 859 4 $uhttp://acnp.cib.unibo.it/cgi-ser/start/it/cnr/dc-p1.tcl?catno=2296582&person=false&language=ITALIANO&libr=&libr_th=unina1$zBiblioteche che possiedono il periodico 901 $aSE 912 $a990009012430403321 958 $aBiblioteca del Centro di Ingegneria Genetica dell'Università$b2006-$fNAP09 959 $aNAP09 996 $aNature reviews$91754904 997 $aUNINA AP1 8 $6866-01$aNA249 Biblioteca del Centro di Ingegneria Genetica dell'Università$e, Napoli (NA)$nit AP2 40$aacnp.cib.unibo.it$nACNP Italian Union Catalogue of Serials$uhttp://acnp.cib.unibo.it/cgi-ser/start/it/cnr/df-p.tcl?catno=2296582&language=ITALIANO&libr=&person=&B=1&libr_th=unina&proposto=NO LEADER 01944nam0 2200421 i 450 001 CFI0497004 005 20251003044143.0 010 $a8800857280 020 $aIT$b2001-9903 100 $a20121022d2000 ||||0itac50 ba 101 | $aita 102 $ait 181 1$6z01$ai $bxxxe 182 1$6z01$an 200 1 $aSindacati e imprenditori$ele relazioni industriali in Italia dalla caduta del fascismo a oggi$fSandro Rogari 210 $aFirenze$cF. Le Monnier$d2000 215 $aX, 303 p.$d21 cm. 225 | $aQuaderni di storia$i. N. S$v18 410 0$1001CFI0427450$12001 $aQuaderni di storia$i. N. S$v18 606 $aRelazioni industriali$xItalia$x1945-1999$2FIR$3CFIC116345$9I 676 $a331$9ECONOMIA DEL LAVORO$v14 676 $a331.0945$9ECONOMIA DEL LAVORO, RELAZIONI INDUSTRIALI. Italia$v20 676 $a331.0945$9ECONOMIA DEL LAVORO. Italia$v21 676 $a331.880945$9SINDACATI. Italia$v20 686 $aIT/X430.0$cECONOMIA E SOCIETA ITALIA$2R 686 $aIT/X432.6$cRELAZIONI INDUSTRIALI ITALIA$2R 686 $aIT/X432.8$cORGANIZZAZIONI IMPRENDITORIALI E CONSORTILI ITALIA$2R 686 $aIT/X436.8$cORGANIZZAZIONI SINDACALI ED ALTRE ITALIA$2R 700 1$aRogari$b, Sandro$3CFIV015157$4070$080441 801 3$aIT$bIT-000000$c20121022 850 $aIT-BN0095 $aIT-NA0581 901 $bNAP FC$cFONDO $n$ 901 $bNAP 01$cPOZZO LIB.$nVi sono collocati fondi di economia, periodici di ingegneria e scienze, periodici di economia e statistica e altri fondi comprendenti documenti di economia pervenuti in dono. 912 $aCFI0497004 950 0$aBiblioteca Centralizzata di Ateneo$c1 v.$d 01POZZO LIB.ECON MON 2706$e 0101 0000009735E VMA 1 v. precedente collocazione sez. DASES A 0090$fB $h20080916$i20080916 977 $a 01$a FC 996 $aSindacati e imprenditori$9907153 997 $aUNISANNIO